Derecho civil : (Registro nro. 6408)

Detalles MARC
000 -CABECERA
campo de control de longitud fija 00981nam a2200241 4500
008 - CÓDIGOS DE INFORMACIÓN DE LONGITUD FIJA
fixed length control field 200129b 1977ag ||||f |||| 00| 0 eng d
040 ## - Fuente de catalogación
Agencia original de catalogación CO-JMCR
Agencia de transcripción CO-JMCR
041 0# - CÓDIGO DE LENGUA
Código idioma spa
082 04 - NÚMERO DE LA CLASIFICACIÓN DECIMAL DEWEY
Número de clasificación Decimal 346.72 /
Número de documento (Cutter) O775d
100 1# - PUNTO DE ACCESO PRINCIPAL-NOMBRE DE PERSONA
Nombre personal Ortiz-Urquidi, Raúl,
Término de función/relación autor
9 (RLIN) 68
245 10 - TÍTULO PROPIAMENTE DICHO
Título Derecho civil :
Parte restante del título parte general /
Mención de responsabilidad, etc. Raúl Ortiz-Urquidi ; prólogo del Dr. Roberto L. Mantilla Molina
250 ## - DECLARACIÓN DE EDICIÓN
Declaración de edición Primera edición
260 ## - PUBLICACIÓN, DISTRIBUCIÓN, ETC. (PIE DE IMPRENTA)
Lugar de publicación, distribución, etc. México :
Nombre del editor, distribuidor, etc. Editorial Porrúa,
Fecha de publicación, distribución, etc. 1977
300 ## - DESCRIPCIÓN FÍSICA
Extensión 627 páginas ;
Dimensiones 24 cm.
500 ## - NOTA GENERAL
Nota general Incluye datos biográficos del autor.
500 ## - NOTA GENERAL
Nota general Incluye bibliografía: Páginas 595-604
505 0# - NOTA DE CONTENIDO FORMATADO
Nota de contenido formateada Ubicación del civil dentro del sistema del Derecho en general -- Teoría y técnica de aplicación de la ley -- Teoría general del negocio jurídico
650 14 - TÉRMINO DE MATERIA
9 (RLIN) 1370
650 14 - TÉRMINO DE MATERIA
9 (RLIN) 1371
700 1# - AUTOR SECUNDARIO - PERSONA
Nombre de persona Mantilla Molina, Roberto L.,
9 (RLIN) 1372
Existencias
Withdrawn status Lost status Source of classification or shelving scheme Damaged status Not for loan Collection code Home library Current library Date acquired Source of acquisition Cost, normal purchase price Total Checkouts Total Renewals Full call number Barcode Date last seen Date last checked out Copy number Price effective from Koha item type
    Dewey Decimal Classification     Non-fiction Biblioteca Pública José María del Castillo y Rada Biblioteca Pública José María del Castillo y Rada 04/15/2018 Donación 0.00 20 16 346.72 / O775d 430008619 05/16/2024 11/30/2023 Ej.1 01/29/2020 Books